000 00829nam a22002177a 4500
999 _c7120
_d7120
003 AR-CdUCM
008 190319b ||||| |||| 00| 0 spa d
040 _aMUNICIPALIDAD PROVINCIAL DEL CUSCO
_cBIBLIOTECA MUNICIPAL DEL CUSCO
041 _heng.
082 _23ed.
_a531 /
_bS61
100 _aSynge, John Lighton
_920064
245 _aPrincipios de mecánica :
_bRevisión técnica /
260 _aMadrid :
_bCastilla,
_c1965.
300 _a545 paginas ;
_bIlustraciones, diagramas /
_c23 cm.
505 _aContenido :Fundamentos de la mecánica --Métodos de estática plana --Aplicación en estática plana --Cinemática en el plano --Métodos de dinámica en el plano ...
650 _aMecánica
_918682
650 _aEstática
_920065
700 _aJose Bescos (trasductor )
_920066
942 _2ddc
_cLIBROS
945 _arjall